000 00516nam a22001937a 4500
003 koha_MIRAKIL
005 20231213100030.0
008 231213b |||||||| |||| 00| 0 ||| d
020 _b978-9-75355682-8
040 _aTR-IsEVY
_btur
_cTR-IsEVY
082 _a741.5 AYC/G
100 _aAycın, Hasan.
245 0 _aGece yürüyüşü
260 _bİz Yayıncılık,
_c2008
300 _a137 s.
650 _aCaricatures -- Turkey.
650 _aCaricatures and cartoons -- Social aspects.
942 _2ddc
_cBK
999 _c13423
_d13423